| 000 | 00617nam a22001577a 4500 | ||
|---|---|---|---|
| 003 | OSt | ||
| 005 | 20151002173528.0 | ||
| 008 | 151002b xxu||||| |||| 00| 0 eng d | ||
| 040 | _cRUA | ||
| 082 | _aAVM HAs 1995 B069 Or.1 | ||
| 100 |
_91823 _aHAS PISETH |
||
| 245 | _aInfectious diseases , often on the animals at banteay mean chey province, (ជម្ងឺឆ្លងដែលជួបប្រទះញឹកញាប់លើសត្វពាហនៈ ក្នុងខេត្តបន្ទាយមានជ័យ) | ||
| 260 |
_aphnom penh _bRUA _c1995 |
||
| 300 |
_a83p. _bill. _c29cm. |
||
| 942 |
_2ddc _cAVM |
||
| 999 |
_c1720 _d1720 |
||